| 000 | 00559nam a2200193Ia 4500 | ||
|---|---|---|---|
| 003 | GCL | ||
| 008 | 140319s9999 xx 000 0 aRus d | ||
| 040 |
_aGCL / _cGCL |
||
| 082 | 0 | 4 |
_a443.33 _bGl |
| 100 | 1 | _aGRAPPIN, PIERRE | |
| 245 | 1 | 0 |
_aLARAUSSE SATURNE: DICTIONNAIRE FRANCAIS ALLAMEND - DUTSCH - FRANCH / _cGRAPPIN, PIERRE |
| 700 | 1 | _aCHARUE, JEAN. | |
| 260 |
_a[S.N] : _bPRENTICE. HALL INERNATIONAL,INC. ، _c1991 |
||
| 300 | _a780 P | ||
| 650 | 0 | 4 | _aتقوية الذاكرة |
| 650 | 0 | 4 | _aCESMMY |
| 650 | 0 | 4 | _aFRANCAIS LANGUAGE |
| 942 |
_2ddc _cBK |
||
| 999 |
_c24060 _d24060 |
||